<?xml version="1.0" encoding="UTF-8"?>
<collection xmlns="http://www.loc.gov/MARC21/slim">
  <record>
    <leader>00000nam  2200000   4500</leader>
    <controlfield tag="001">INLIS000000000809940</controlfield>
    <controlfield tag="005">20250908012437</controlfield>
    <datafield tag="035" ind1="#" ind2="#">
      <subfield code="a">0010-0925000065</subfield>
    </datafield>
    <controlfield tag="007">ta</controlfield>
    <controlfield tag="008">250908###########################0######</controlfield>
    <datafield tag="020" ind1="#" ind2="#">
      <subfield code="a">9786029427202</subfield>
    </datafield>
    <datafield tag="082" ind1="#" ind2="#">
      <subfield code="a">332.2 IMA m</subfield>
    </datafield>
    <datafield tag="084" ind1="#" ind2="#">
      <subfield code="a">796.5 IMA m</subfield>
    </datafield>
    <datafield tag="245" ind1="#" ind2="#">
      <subfield code="a">Mari menabung /</subfield>
      <subfield code="c">Imam Imannudin,S.si</subfield>
    </datafield>
    <datafield tag="250" ind1="#" ind2="#">
      <subfield code="a">Cet.3</subfield>
    </datafield>
    <datafield tag="260" ind1="#" ind2="#">
      <subfield code="a">depok :</subfield>
      <subfield code="b">Cv Citra cendrawasih cerdas,</subfield>
      <subfield code="c">2017</subfield>
    </datafield>
    <datafield tag="300" ind1="#" ind2="#">
      <subfield code="a">60 hlm ;</subfield>
      <subfield code="c">A5 14,8x21cm;2 warna</subfield>
    </datafield>
  </record>
</collection>
